Oeuvres de Pothier
محفوظ في:
| المؤلف الرئيسي: | |
|---|---|
| التنسيق: | كتاب |
| اللغة: | الفرنسية |
| منشور في: |
París
Cosse et Marchal
1861
París Henri Plon 1861 |
| الطبعة: | 2a. ed |
| الموضوعات: | |
| الوسوم: |
إضافة وسم
لا توجد وسوم, كن أول من يضع وسما على هذه التسجيلة!
|
MARC
| LEADER | 00000nam a2200000 a 4500 | ||
|---|---|---|---|
| 001 | UCS1708 | ||
| 003 | CL-VaPUC | ||
| 008 | 970515e18610000fr |||||||||||||||||fre|d | ||
| 082 | 0 | 4 | |a 346.44 |b POT |2 21 |
| 100 | 0 | |a Pothier, Robert Joseph |e author |9 386427 | |
| 245 | 1 | 0 | |a Oeuvres de Pothier |
| 250 | |a 2a. ed | ||
| 300 | |a 10 v | ||
| 942 | |c BK | ||
| 945 | |d 19970515 00:00:00 |a paguirre | ||
| 260 | |a París |b Cosse et Marchal |c 1861 | ||
| 260 | |a París |b Henri Plon |c 1861 | ||
| 500 | |a v.1: Coutume d'Orléans | ||
| 500 | |a v.2: Eloge de Pothier. Traité des obligations. De la prestation des fautes | ||
| 500 | |a v.3: Traité du contrat de vente. Traité des retraits. Traité du contrat de constitution de rente | ||
| 500 | |a v.4: Traités du contrat de louage. Du contrat de bail a rente. Du contrat de société, des cheptels. Des contrats des louages maritimes. Du contrat de change | ||
| 500 | |a v.5: Traités du prét a usage, du précaire, su prét de consomption, de l'usure, du promutuum et de l'action condictio indebiti. Des contrats de dépot, de mandat et quasi-contrat negotiorum gestorum. D'assurance, de prét a la grosse aventure, de jeu et de nantissement | ||
| 500 | |a v.6: Traités du contrat de marriage, douaire, droit d'habitation, garde noble et bourgeoise, préciput légal des nobles | ||
| 500 | |a v.7: Traités de la puissance du mari, de la communauté, des donations entre mari et femme | ||
| 500 | |a v.8: Traités des successions, donations testamentaires, donations entre-vifs, substitutions et des propres | ||
| 500 | |a v.9: Traités des personnes et des choses, du domaine de propriété, de la possession, de la prescription, de l'hypothèque, des fiefs, des cens, des champarts | ||
| 500 | |a v.10: Traité de la procédure civile. Traité de la procédure criminelle | ||
| 650 | 0 | |a Derecho civil |9 255013 | |
| 650 | 0 | |a Contratos |9 255153 | |
| 650 | 0 | |a Obligaciones |9 255578 | |
| 650 | 0 | |a Derecho sucesorio |9 255015 | |
| 650 | 7 | |a PERSONA |2 CL-VaPUC |9 327934 | |
| 650 | 0 | |a Propiedad |9 255268 | |
| 650 | 0 | |a Bienes |9 255749 | |
| 650 | 0 | |a Comodato precario |9 385678 | |
| 650 | 0 | |a Cuasicontratos |9 385637 | |
| 650 | 0 | |a Contrato matrimonial |9 352988 | |
| 650 | 7 | |a MATRIMONIO |2 CL-VaPUC |9 386428 | |
| 650 | 0 | |a Donación |9 255016 | |
| 650 | 7 | |a TESTAMENTOS |2 CL-VaPUC |9 255014 | |
| 650 | 0 | |a Donación entre vivos |9 385867 | |
| 650 | 0 | |a Hipoteca |9 255780 | |
| 650 | 0 | |a Procedimiento civil |9 254870 | |
| 650 | 0 | |a Procedimiento penal |9 254974 | |
| 651 | 0 | |a Francia |9 255157 | |
| 583 | |a last modification |c 20171006 01:12:04 |k Rodrigo Vera | ||
| 999 | |c 259740 |d 259738 | ||
| 952 | |0 0 |1 0 |4 0 |6 346_440000000000000_POT_1861_1861 |7 0 |8 X |9 285009 |a BIBDER |b BIBDER |d 2019-11-19 |h v.1 |i 1848798 |o 346.44 POT 1861 1861 |p 1848798 |r 2023-01-25 |w 2019-11-19 |y BK_X |k DER | ||
| 952 | |0 0 |1 0 |4 0 |6 346_440000000000000_POT_1861_1861 |7 0 |8 X |9 285010 |a BIBDER |b BIBDER |d 2019-11-19 |h v.5 |i 1848801 |o 346.44 POT 1861 1861 |p 1848801 |r 2023-01-25 |w 2019-11-19 |y BK_X |k DER | ||
| 952 | |0 0 |1 0 |4 0 |6 346_440000000000000_POT_1861_1861 |7 0 |8 X |9 285011 |a BIBDER |b BIBDER |d 2019-11-19 |h v.2 |i 184881K |o 346.44 POT 1861 1861 |p 184881K |r 2023-01-25 |w 2019-11-19 |y BK_X |k DER | ||
| 952 | |0 0 |1 0 |4 0 |6 346_440000000000000_POT_1861_1861 |7 0 |8 X |9 285012 |a BIBDER |b BIBDER |d 2019-11-19 |h v.3 |i 1848828 |o 346.44 POT 1861 1861 |p 1848828 |r 2023-01-25 |w 2019-11-19 |y BK_X |k DER | ||
| 952 | |0 0 |1 0 |4 0 |6 346_440000000000000_POT_1861_1861 |7 0 |8 X |9 285013 |a BIBDER |b BIBDER |d 2019-11-19 |h v.4 |i 1848836 |o 346.44 POT 1861 1861 |p 1848836 |r 2023-01-25 |w 2019-11-19 |y BK_X |k DER | ||
| 952 | |0 0 |1 0 |4 0 |6 346_440000000000000_POT_1861_1861 |7 0 |8 X |9 285014 |a BIBDER |b BIBDER |d 2019-11-19 |h v.6 |i 1848844 |o 346.44 POT 1861 1861 |p 1848844 |r 2023-01-25 |w 2019-11-19 |y BK_X |k DER | ||
| 952 | |0 0 |1 0 |4 0 |6 346_440000000000000_POT_1861_1861 |7 0 |8 X |9 285015 |a BIBDER |b BIBDER |d 2019-11-19 |h v.7 |i 1848852 |o 346.44 POT 1861 1861 |p 1848852 |r 2023-01-25 |w 2019-11-19 |y BK_X |k DER | ||
| 952 | |0 0 |1 0 |4 0 |6 346_440000000000000_POT_1861_1861 |7 0 |8 X |9 285016 |a BIBDER |b BIBDER |d 2019-11-19 |h v.8 |i 1848860 |o 346.44 POT 1861 1861 |p 1848860 |r 2023-01-25 |w 2019-11-19 |y BK_X |k DER | ||
| 952 | |0 0 |1 0 |4 0 |6 346_440000000000000_POT_1861_1861 |7 0 |8 X |9 285017 |a BIBDER |b BIBDER |d 2019-11-19 |h v.9 |i 1848879 |o 346.44 POT 1861 1861 |p 1848879 |r 2023-01-25 |w 2019-11-19 |y BK_X |k DER | ||
| 952 | |0 0 |1 0 |4 0 |6 346_440000000000000_POT_1861_1861 |7 0 |8 X |9 285018 |a BIBDER |b BIBDER |d 2019-11-19 |h v.10 |i 1848887 |o 346.44 POT 1861 1861 |p 1848887 |r 2023-01-25 |w 2019-11-19 |y BK_X |k DER | ||
| 952 | |0 0 |1 0 |4 0 |6 346_440000000000000_POT_1861_1861 |7 0 |8 X |9 285019 |a BIBDER |b BIBDER |d 2019-11-19 |h v.1 |i 1848895 |o 346.44 POT 1861 1861 |p 1848895 |r 2023-01-25 |w 2019-11-19 |y BK_X |k DER | ||
| 952 | |0 0 |1 0 |4 0 |6 346_440000000000000_POT_1861_1861 |7 0 |8 X |9 285020 |a BIBDER |b BIBDER |d 2019-11-19 |h v.2 |i 1848909 |o 346.44 POT 1861 1861 |p 1848909 |r 2023-01-25 |w 2019-11-19 |y BK_X |k DER | ||
| 952 | |0 0 |1 0 |4 0 |6 346_440000000000000_POT_1861_1861 |7 0 |8 X |9 285021 |a BIBDER |b BIBDER |d 2019-11-19 |h v.3 |i 1848917 |o 346.44 POT 1861 1861 |p 1848917 |r 2023-01-25 |w 2019-11-19 |y BK_X |k DER | ||
| 952 | |0 0 |1 0 |4 0 |6 346_440000000000000_POT_1861_1861 |7 0 |8 X |9 285022 |a BIBDER |b BIBDER |d 2019-11-19 |h v.4 |i 1848925 |o 346.44 POT 1861 1861 |p 1848925 |r 2023-01-25 |w 2019-11-19 |y BK_X |k DER | ||
| 952 | |0 0 |1 0 |4 0 |6 346_440000000000000_POT_1861_1861 |7 0 |8 X |9 285023 |a BIBDER |b BIBDER |d 2019-11-19 |h v.5 |i 1848933 |o 346.44 POT 1861 1861 |p 1848933 |r 2023-01-25 |w 2019-11-19 |y BK_X |k DER | ||
| 952 | |0 0 |1 0 |4 0 |6 346_440000000000000_POT_1861_1861 |7 0 |8 X |9 285024 |a BIBDER |b BIBDER |d 2019-11-19 |h v.6 |i 1848941 |o 346.44 POT 1861 1861 |p 1848941 |r 2023-01-25 |w 2019-11-19 |y BK_X |k DER | ||
| 952 | |0 0 |1 0 |4 0 |6 346_440000000000000_POT_1861_1861 |7 0 |8 X |9 285025 |a BIBDER |b BIBDER |d 2019-11-19 |h v.7 |i 184895K |o 346.44 POT 1861 1861 |p 184895K |r 2023-01-25 |w 2019-11-19 |y BK_X |k DER | ||
| 952 | |0 0 |1 0 |4 0 |6 346_440000000000000_POT_1861_1861 |7 0 |8 X |9 285026 |a BIBDER |b BIBDER |d 2019-11-19 |h v.8 |i 1848968 |o 346.44 POT 1861 1861 |p 1848968 |r 2023-01-25 |w 2019-11-19 |y BK_X |k DER | ||
| 952 | |0 0 |1 0 |4 0 |6 346_440000000000000_POT_1861_1861 |7 0 |8 X |9 285027 |a BIBDER |b BIBDER |d 2019-11-19 |h v.10 |i 1848976 |o 346.44 POT 1861 1861 |p 1848976 |r 2023-01-25 |w 2019-11-19 |y BK_X |k DER | ||
| 952 | |0 0 |1 0 |4 0 |6 346_440000000000000_POT_1861_1861 |7 0 |8 DER_HIS |9 285028 |a BIBDER |b BIBDER |d 2019-11-19 |h v.1 |i 1887939 |o 346.44 POT 1861 1861 |p 1887939 |r 2023-01-25 |w 2019-11-19 |x Ubicación 4to Piso |y BK_X |z Estos recursos deben solicitarse con anticipación |k DER | ||
| 952 | |0 0 |1 0 |4 0 |6 346_440000000000000_POT_1861_1861 |7 0 |8 DER_HIS |9 285029 |a BIBDER |b BIBDER |d 2019-11-19 |h v.2 |i 1887920 |o 346.44 POT 1861 1861 |p 1887920 |r 2023-01-25 |w 2019-11-19 |x Ubicación 4to Piso |y BK_X |z Estos recursos deben solicitarse con anticipación |k DER | ||
| 952 | |0 0 |1 0 |4 0 |6 346_440000000000000_POT_1861_1861 |7 0 |8 DER_HIS |9 285030 |a BIBDER |b BIBDER |d 2019-11-19 |h v.3 |i 1887971 |o 346.44 POT 1861 1861 |p 1887971 |r 2023-01-25 |w 2019-11-19 |x Ubicación 4to Piso |y BK_X |z Estos recursos deben solicitarse con anticipación |k DER | ||
| 952 | |0 0 |1 0 |4 0 |6 346_440000000000000_POT_1861_1861 |7 0 |8 DER_HIS |9 285031 |a BIBDER |b BIBDER |d 2019-11-19 |h v.4 |i 1887912 |o 346.44 POT 1861 1861 |p 1887912 |r 2023-01-25 |w 2019-11-19 |x Ubicación 4to Piso |y BK_X |z Estos recursos deben solicitarse con anticipación |k DER | ||
| 952 | |0 0 |1 0 |4 0 |6 346_440000000000000_POT_1861_1861 |7 0 |8 X |9 285032 |a BIBDER |b BIBDER |d 2019-11-19 |h v.5 |i 1887963 |o 346.44 POT 1861 1861 |p 1887963 |r 2023-01-25 |w 2019-11-19 |y BK_X |k DER | ||
| 952 | |0 0 |1 0 |4 0 |6 346_440000000000000_POT_1861_1861 |7 0 |8 DER_HIS |9 285033 |a BIBDER |b BIBDER |d 2019-11-19 |h v.6 |i 1887904 |o 346.44 POT 1861 1861 |p 1887904 |r 2023-01-25 |w 2019-11-19 |x Ubicación 4to Piso |y BK_X |z Estos recursos deben solicitarse con anticipación |k DER | ||
| 952 | |0 0 |1 0 |4 0 |6 346_440000000000000_POT_1861_1861 |7 0 |8 DER_HIS |9 285034 |a BIBDER |b BIBDER |d 2019-11-19 |h v.7 |i 1887955 |o 346.44 POT 1861 1861 |p 1887955 |r 2023-01-25 |w 2019-11-19 |x Ubicación 4to Piso |y BK_X |z Estos recursos deben solicitarse con anticipación |k DER | ||
| 952 | |0 0 |1 0 |4 0 |6 346_440000000000000_POT_1861_1861 |7 0 |8 DER_HIS |9 285035 |a BIBDER |b BIBDER |d 2019-11-19 |h v.8 |i 1887947 |o 346.44 POT 1861 1861 |p 1887947 |r 2023-01-25 |w 2019-11-19 |x Ubicación 4to Piso |y BK_X |z Estos recursos deben solicitarse con anticipación |k DER | ||
| 952 | |0 0 |1 0 |4 0 |6 346_440000000000000_POT_1861_1861 |7 0 |8 X |9 285036 |a BIBDER |b BIBDER |d 2019-11-19 |h v.9 |i 1887998 |o 346.44 POT 1861 1861 |p 1887998 |r 2023-01-25 |w 2019-11-19 |y BK_X |k DER | ||
| 952 | |0 0 |1 0 |4 0 |6 346_440000000000000_POT_1861_1861 |7 0 |8 DER_HIS |9 285037 |a BIBDER |b BIBDER |d 2019-11-19 |h v.10 |i 188770K |o 346.44 POT 1861 1861 |p 188770K |r 2023-01-25 |w 2019-11-19 |x Ubicación 4to Piso |y BK_X |z Estos recursos deben solicitarse con anticipación |k DER | ||